[Event "FICGS W-ch st1 g04 email"]
[Site "FICGS email"]
[Date "2018.03.02"]
[Round "1"]
[White "De la Foret, Fred"]
[Black "Orden, Jorge"]
[Result "1-0"]
[WhiteElo "1373"]
[BlackElo "1149"]
[PlyCount "33"]
[EventDate "2018.??.??"]
[EventType "tourn (corr)"]
[EventRounds "8"]
[SourceTitle "Corr 2022"]
[Source "ChessBase"]
[SourceDate "2021.10.24"]
[SourceVersion "1"]
[SourceVersionDate "2021.10.24"]
[SourceQuality "1"]

1. e4 c5 2. Nf3 d6 3. d4 cxd4 4. Nxd4 Nf6 5. Nc3 a6 6. Bg5 e6 7. Be2 Be7 8. 0-0 0-0 9. a4 Nc6 10. Nxc6 bxc6 11. Qd3 Bb7 12. Rfe1 Qc7 13. Qg3 h6 14. Bxh6 g6 15. Bc4 Rfd8 16. Bxe6 Nh5 17. Qxg6+ 1-0

[Event "FICGS class F 000196 email"]
[Site "FICGS email"]
[Date "2018.02.23"]
[Round "1"]
[White "Bromo, Alexis"]
[Black "Orden, Jorge"]
[Result "0-1"]
[WhiteElo "1074"]
[BlackElo "1165"]
[PlyCount "38"]
[EventDate "2018.??.??"]
[EventType "tourn (corr)"]
[EventRounds "5"]
[SourceTitle "Corr 2022"]
[Source "ChessBase"]
[SourceDate "2021.10.24"]
[SourceVersion "1"]
[SourceVersionDate "2021.10.24"]
[SourceQuality "1"]

1. d4 d5 2. c4 e6 3. a3 Nf6 4. Nc3 a6 5. Bg5 Be7 6. e3 0-0 7. c5 b5 8. b4 c6 9. Nf3 Nbd7 10. Ne5 Ne4 11. Bxe7 Nxc3 12. Qf3 Qxe7 13. Nxc6 Qe8 14. Bd3 Nxc5 15. bxc5 Qxc6 16. 0-0 Re8 17. Qh3 Ne4 18. f3 e5 19. fxe4 Bxh3 0-1

[Event "FICGS rapid E 000198 email"]
[Site "FICGS email"]
[Date "2018.01.15"]
[Round "1"]
[White "Leurette, Marc Antoine"]
[Black "Orden, Jorge"]
[Result "1/2-1/2"]
[WhiteElo "1083"]
[BlackElo "1165"]
[PlyCount "48"]
[EventDate "2018.??.??"]
[EventType "tourn (rapid)"]
[EventRounds "6"]
[SourceTitle "Corr 2022"]
[Source "ChessBase"]
[SourceDate "2021.10.24"]
[SourceVersion "1"]
[SourceVersionDate "2021.10.24"]
[SourceQuality "1"]

1. e4 e5 2. Nf3 Nc6 3. Bc4 Bc5 4. Nc3 Nf6 5. 0-0 0-0 6. d3 a6 7. Re1 b5 8. Bd5 Bb7 9. Be3 Bxe3 10. Rxe3 Nxd5 11. exd5 Ne7 12. Nxe5 Nxd5 13. Nxd5 Bxd5 14. Nf3 Re8 15. b3 Qf6 16. c4 Rxe3 17. fxe3 Bxf3 18. gxf3 Qg5+ 19. Kf2 bxc4 20. bxc4 Rb8 21. Rb1 Qh4+ 22. Kg1 Qg5+ 23. Kf2 Qh4+ 24. Kg2 Qg5+ 1/2-1/2

[Event "FICGS rapid E 000198 email"]
[Site "FICGS email"]
[Date "2018.01.15"]
[Round "1"]
[White "Orden, Jorge"]
[Black "Joubert, Hennie"]
[Result "0-1"]
[WhiteElo "1165"]
[BlackElo "1287"]
[PlyCount "50"]
[EventDate "2018.??.??"]
[EventType "tourn (rapid)"]
[EventRounds "6"]
[SourceTitle "Corr 2022"]
[Source "ChessBase"]
[SourceDate "2021.10.24"]
[SourceVersion "1"]
[SourceVersionDate "2021.10.24"]
[SourceQuality "1"]

1. d4 Nf6 2. c4 g6 3. Nf3 Bg7 4. e3 0-0 5. Be2 d6 6. 0-0 Nbd7 7. Qc2 e5 8. dxe5 dxe5 9. Nc3 c6 10. e4 Re8 11. b4 Nf8 12. Bg5 h6 13. Bh4 Ne6 14. Nxe5 Qc7 15. Bg3 Qe7 16. f4 Qxb4 17. Rfb1 Qa5 18. a4 Nd4 19. Qa2 Be6 20. Rxb7 Qxc3 21. Kh1 Nxe2 22. Rb3 Qd4 23. Qxe2 Qxa1+ 24. Be1 Qxa4 25. Rb7 Red8 0-1

[Event "FICGS class F 000194 email"]
[Site "FICGS email"]
[Date "2018.01.14"]
[Round "1"]
[White "Bromo, Alexis"]
[Black "Orden, Jorge"]
[Result "0-1"]
[WhiteElo "1074"]
[BlackElo "1165"]
[PlyCount "74"]
[EventDate "2018.??.??"]
[EventType "tourn (corr)"]
[EventRounds "5"]
[SourceTitle "Corr 2022"]
[Source "ChessBase"]
[SourceDate "2021.10.24"]
[SourceVersion "1"]
[SourceVersionDate "2021.10.24"]
[SourceQuality "1"]

1. d4 d5 2. c4 e6 3. a3 Nf6 4. Nc3 Be7 5. Nf3 0-0 6. Bf4 a6 7. e3 b6 8. Be2 Bb7 9. 0-0 c6 10. b4 Ne4 11. Nxe4 dxe4 12. Ne5 f6 13. Ng4 Bd6 14. Bxd6 Qxd6 15. f3 exf3 16. Bxf3 Nd7 17. b5 Rab8 18. a4 a5 19. Qb3 c5 20. Bxb7 Rxb7 21. Rad1 f5 22. dxc5 Qxc5 23. Nf2 Ne5 24. Nd3 Qxe3+ 25. Kh1 Rd7 26. Nxe5 Qxb3 27. Rxd7 Qxa4 28. Rd6 Qc2 29. Rxb6 a4 30. Ra6 Qe2 31. Ra1 Qxe5 32. R6xa4 Rc8 33. h3 Rxc4 34. Ra8+ Kf7 35. b6 Rb4 36. R8a7+ Kf6 37. b7 Qb8 0-1

[Event "FICGS class F 000194 email"]
[Site "FICGS email"]
[Date "2018.01.14"]
[Round "1"]
[White "Orden, Jorge"]
[Black "Csoma, Robert"]
[Result "0-1"]
[WhiteElo "1165"]
[BlackElo "1323"]
[PlyCount "86"]
[EventDate "2018.??.??"]
[EventType "tourn (corr)"]
[EventRounds "5"]
[SourceTitle "Corr 2022"]
[Source "ChessBase"]
[SourceDate "2021.10.24"]
[SourceVersion "1"]
[SourceVersionDate "2021.10.24"]
[SourceQuality "1"]

1. d4 Nf6 2. Nf3 e6 3. c4 Be7 4. e3 0-0 5. Nc3 d5 6. Be2 c6 7. 0-0 Nbd7 8. c5 b6 9. b4 a5 10. b5 cxb5 11. Bxb5 bxc5 12. Ne5 Ba6 13. Nc6 Qe8 14. Nxe7+ Qxe7 15. Bxa6 Rxa6 16. dxc5 Nxc5 17. f3 Rc6 18. Na4 Nxa4 19. Qxa4 Qc7 20. Bd2 Ra8 21. Rac1 Rxc1 22. Rxc1 Qb6 23. Kf2 Ne8 24. Qb3 Qxb3 25. axb3 a4 26. Ra1 a3 27. b4 Nd6 28. g4 Nc4 29. Bc3 f6 30. b5 Kf7 31. Rb1 a2 32. Ra1 Ke7 33. f4 Kd7 34. Bd4 Kd6 35. b6 Kc6 36. Ke2 Nxb6 37. Kd3 Nc4 38. g5 e5 39. fxe5 fxe5 40. Bc3 Kc5 41. h4 Ra3 42. Rc1 d4 43. exd4+ exd4 0-1

[Event "FICGS W-ch st1 g07 email"]
[Site "FICGS email"]
[Date "2017.07.01"]
[Round "1"]
[White "Orden, Jorge"]
[Black "Pech, Stepan"]
[Result "0-1"]
[WhiteElo "1105"]
[BlackElo "1569"]
[PlyCount "42"]
[EventDate "2017.??.??"]
[EventType "tourn (corr)"]
[EventRounds "8"]
[SourceTitle "Corr 2022"]
[Source "ChessBase"]
[SourceDate "2021.10.24"]
[SourceVersion "1"]
[SourceVersionDate "2021.10.24"]
[SourceQuality "1"]

1. e4 c6 2. Nf3 d5 3. exd5 cxd5 4. d4 Nf6 5. Bb5+ Bd7 6. Bxd7+ Nbxd7 7. Bf4 Qb6 8. b3 Rc8 9. 0-0 e6 10. Nbd2 Bd6 11. Bxd6 Qxd6 12. c4 b6 13. Re1 0-0 14. Rc1 Rfd8 15. Ne5 Nf8 16. Ndf3 Ne4 17. cxd5 Rxc1 18. Qxc1 exd5 19. Qf4 f6 20. Ng5 Nxg5 21. h4 Nge6 0-1

[Event "FICGS W-ch st1 g07 email"]
[Site "FICGS email"]
[Date "2017.07.01"]
[Round "1"]
[White "Orden, Jorge"]
[Black "Rodriguez Perez, Rene"]
[Result "0-1"]
[WhiteElo "1105"]
[BlackElo "1910"]
[PlyCount "42"]
[EventDate "2017.??.??"]
[EventType "tourn (corr)"]
[EventRounds "8"]
[SourceTitle "Corr 2022"]
[Source "ChessBase"]
[SourceDate "2021.10.24"]
[SourceVersion "1"]
[SourceVersionDate "2021.10.24"]
[SourceQuality "1"]

1. e4 e6 2. d4 d5 3. exd5 exd5 4. c4 Nf6 5. Bg5 Bb4+ 6. Nc3 0-0 7. a3 Re8+ 8. Be2 Bxc3+ 9. bxc3 Bg4 10. h3 Bxe2 11. Nxe2 dxc4 12. 0-0 Nbd7 13. Qd2 Ne4 14. Qc1 Qxg5 15. Nf4 Nb6 16. Ne2 Qd2 17. Qxd2 Nxd2 18. Rfe1 Nd5 19. g4 Re6 20. Kg2 Rae8 21. Rad1 Rxe2 0-1

[Event "FICGS W-ch st1 g07 email"]
[Site "FICGS email"]
[Date "2017.07.01"]
[Round "1"]
[White "Orden, Jorge"]
[Black "Teverovski, Bogoljub"]
[Result "0-1"]
[WhiteElo "1105"]
[BlackElo "2096"]
[PlyCount "36"]
[EventDate "2017.??.??"]
[EventType "tourn (corr)"]
[EventRounds "8"]
[SourceTitle "Corr 2022"]
[Source "ChessBase"]
[SourceDate "2021.10.24"]
[SourceVersion "1"]
[SourceVersionDate "2021.10.24"]
[SourceQuality "1"]

1. e4 Nc6 2. Nf3 d6 3. d4 Nf6 4. Nc3 Bg4 5. Be2 g6 6. h3 Bxf3 7. Bxf3 Bg7 8. 0-0 0-0 9. Re1 e5 10. dxe5 dxe5 11. Bg5 Nd4 12. a3 c6 13. Qd2 Qb6 14. Bxf6 Bxf6 15. Bg4 h5 16. Be2 Qxb2 17. Ra2 Bg5 18. Rea1 Bxd2 0-1

[Event "FICGS class F 000189 email"]
[Site "FICGS email"]
[Date "2017.06.22"]
[Round "1"]
[White "Orden, Jorge"]
[Black "Zemlyanov, Sergey Mikhailovich"]
[Result "0-1"]
[WhiteElo "1105"]
[BlackElo "1317"]
[PlyCount "56"]
[EventDate "2017.??.??"]
[EventType "tourn (corr)"]
[EventRounds "5"]
[SourceTitle "Corr 2022"]
[Source "ChessBase"]
[SourceDate "2021.10.24"]
[SourceVersion "1"]
[SourceVersionDate "2021.10.24"]
[SourceQuality "1"]

1. e4 c5 2. Nf3 d6 3. d4 cxd4 4. Nxd4 Nf6 5. Nc3 a6 6. Be2 e5 7. Nf3 h6 8. 0-0 Be6 9. a3 Nbd7 10. Be3 Be7 11. h3 0-0 12. b4 Rc8 13. Nd5 Nxe4 14. Nxe7+ Qxe7 15. Bd3 Nc3 16. Qd2 e4 17. Nd4 exd3 18. Qxd3 Ne5 19. Qd2 Nd5 20. Nxe6 fxe6 21. Rac1 Nc4 22. Qd3 Ncxe3 23. fxe3 Rxf1+ 24. Rxf1 Rc3 25. Qd2 Qg5 26. Qf2 Nxe3 27. Qf8+ Kh7 28. g4 Nxf1 0-1

[Event "FICGS W-ch st1 g04 email"]
[Site "FICGS email"]
[Date "2015.08.01"]
[Round "1"]
[White "Cuaycong, Virgilio"]
[Black "Orden, Jorge"]
[Result "1-0"]
[WhiteElo "1423"]
[BlackElo "1079"]
[PlyCount "37"]
[EventDate "2015.??.??"]
[EventType "tourn (corr)"]
[EventRounds "8"]
[SourceTitle "Corr 2022"]
[Source "ChessBase"]
[SourceDate "2021.10.24"]
[SourceVersion "1"]
[SourceVersionDate "2021.10.24"]
[SourceQuality "1"]

1. e4 c5 2. Nf3 d6 3. d4 cxd4 4. Nxd4 Nf6 5. Nc3 a6 6. Bg5 e6 7. f4 h6 8. Bh4 Be7 9. Qf3 Qb6 10. 0-0-0 Nc6 11. Bf2 e5 12. Nf5 Qc7 13. Nxg7+ Kd8 14. h3 b5 15. a3 Rg8 16. Nh5 Be6 17. f5 Bd7 18. Nxf6 Bxf6 19. Nd5 1-0

[Event "FICGS class F 000159 email"]
[Site "FICGS email"]
[Date "2015.04.27"]
[Round "1"]
[White "Orden, Jorge"]
[Black "Kehayov, Yulian"]
[Result "0-1"]
[WhiteElo "1132"]
[BlackElo "996"]
[PlyCount "58"]
[EventDate "2015.??.??"]
[EventType "tourn (corr)"]
[EventRounds "5"]
[SourceTitle "Corr 2022"]
[Source "ChessBase"]
[SourceDate "2021.10.24"]
[SourceVersion "1"]
[SourceVersionDate "2021.10.24"]
[SourceQuality "1"]

1. e4 e5 2. Nf3 d6 3. Nc3 Nf6 4. Bc4 Be7 5. 0-0 0-0 6. h3 h6 7. d4 Nbd7 8. Be3 c6 9. dxe5 dxe5 10. a3 b5 11. Bb3 a5 12. Ne2 a4 13. Ba2 c5 14. Ng3 Bb7 15. Re1 Nxe4 16. Nxe4 Bxe4 17. Nh2 Nf6 18. f3 Bd5 19. b3 axb3 20. Bxb3 Bxb3 21. cxb3 Qxd1 22. Rexd1 Rfd8 23. Rdc1 Rac8 24. g4 Rd3 25. Nf1 Nd5 26. Rab1 Nxe3 27. Kf2 Nxf1 28. Rxf1 c4 29. bxc4 bxc4 0-1

[Event "FICGS class F 000159 email"]
[Site "FICGS email"]
[Date "2015.04.27"]
[Round "1"]
[White "Orden, Jorge"]
[Black "Neil, Charles"]
[Result "0-1"]
[WhiteElo "1132"]
[BlackElo "1089"]
[PlyCount "50"]
[EventDate "2015.??.??"]
[EventType "tourn (corr)"]
[EventRounds "5"]
[SourceTitle "Corr 2022"]
[Source "ChessBase"]
[SourceDate "2021.10.24"]
[SourceVersion "1"]
[SourceVersionDate "2021.10.24"]
[SourceQuality "1"]

1. e4 c5 2. Nf3 d6 3. d4 cxd4 4. Nxd4 Nf6 5. Bb5+ Bd7 6. Bxd7+ Nbxd7 7. Nc3 a6 8. 0-0 e6 9. Re1 Be7 10. Be3 0-0 11. h3 e5 12. Nf5 Re8 13. Nxd6 Bxd6 14. Qxd6 Re6 15. Qd2 Nb6 16. Qxd8+ Rxd8 17. Bxb6 Rxb6 18. b3 Rd2 19. Rac1 h6 20. f3 Rbd6 21. Re2 Nh5 22. Kh2 Nf4 23. Rce1 Nxe2 24. Nxe2 Rxc2 25. a4 Rdd2 0-1

[Event "FICGS class F 000159 email"]
[Site "FICGS email"]
[Date "2015.04.27"]
[Round "1"]
[White "Stoyanov, Zdravko"]
[Black "Orden, Jorge"]
[Result "1-0"]
[WhiteElo "1104"]
[BlackElo "1132"]
[PlyCount "85"]
[EventDate "2015.??.??"]
[EventType "tourn (corr)"]
[EventRounds "5"]
[SourceTitle "Corr 2022"]
[Source "ChessBase"]
[SourceDate "2021.10.24"]
[SourceVersion "1"]
[SourceVersionDate "2021.10.24"]
[SourceQuality "1"]

1. e4 c5 2. Nf3 d6 3. h3 Nf6 4. c3 e6 5. a3 Be7 6. Be2 0-0 7. 0-0 Nc6 8. Bb5 Bd7 9. Bxc6 Bxc6 10. d3 Qc7 11. Re1 e5 12. Be3 b5 13. b3 a5 14. Nbd2 h6 15. c4 b4 16. a4 Bd7 17. Kh2 Kh7 18. Qc1 Rg8 19. Nf1 Raf8 20. Ng3 Qc8 21. Ng1 Ne8 22. Nf5 Bxf5 23. exf5 Qxf5 24. Qd2 Nc7 25. Ne2 d5 26. cxd5 Nxd5 27. Ng3 Qg6 28. Rac1 Nc3 29. Ne4 Nxe4 30. dxe4 Rd8 31. Qe2 f5 32. exf5 Qxf5 33. Bxc5 Bxc5 34. Rxc5 Ra8 35. Rxe5 Qf7 36. Qe4+ Kh8 37. f3 Qxb3 38. Re6 Qxa4 39. Qe5 Kh7 40. Qf5+ g6 41. Re7+ Rg7 42. Rxg7+ Kxg7 43. Re7+ 1-0

[Event "FICGS W-ch st1 g02 email"]
[Site "FICGS email"]
[Date "2014.11.01"]
[Round "1"]
[White "Orden, Jorge"]
[Black "Le Ruyet, Leopold"]
[Result "0-1"]
[WhiteElo "1181"]
[BlackElo "2013"]
[PlyCount "40"]
[EventDate "2014.??.??"]
[EventType "tourn (corr)"]
[EventRounds "8"]
[SourceTitle "Corr 2022"]
[Source "ChessBase"]
[SourceDate "2021.10.24"]
[SourceVersion "1"]
[SourceVersionDate "2021.10.24"]
[SourceQuality "1"]

1. e4 e5 2. Nf3 Nc6 3. Bb5 a6 4. Ba4 Nf6 5. Nc3 b5 6. Bb3 Be7 7. 0-0 d6 8. Ng5 0-0 9. a3 Bg4 10. f3 Bd7 11. Nd5 Nxd5 12. exd5 Nd4 13. d3 Bxg5 14. c4 Bxc1 15. Rxc1 f5 16. Ba2 f4 17. b4 Nf5 18. Qe2 Ne3 19. Rfe1 Rf6 20. c5 Rg6 0-1

[Event "FICGS W-ch st1 g02 email"]
[Site "FICGS email"]
[Date "2014.03.03"]
[Round "1"]
[White "Moormann, Joerg"]
[Black "Orden, Jorge"]
[Result "1-0"]
[WhiteElo "1907"]
[BlackElo "1127"]
[PlyCount "27"]
[EventDate "2014.??.??"]
[EventType "tourn (corr)"]
[EventRounds "8"]
[SourceTitle "Corr 2022"]
[Source "ChessBase"]
[SourceDate "2021.10.24"]
[SourceVersion "1"]
[SourceVersionDate "2021.10.24"]
[SourceQuality "1"]

1. e4 e5 2. Nf3 Nc6 3. Bb5 d6 4. d4 exd4 5. Nxd4 Bd7 6. Nc3 a6 7. Bxc6 bxc6 8. 0-0 Nf6 9. Qf3 Be7 10. e5 dxe5 11. Nxc6 Bxc6 12. Qxc6+ Nd7 13. Rd1 Ra7 14. Be3 1-0

[Event "FICGS W-ch st1 g02 email"]
[Site "FICGS email"]
[Date "2014.03.03"]
[Round "1"]
[White "Vollmer, Steve"]
[Black "Orden, Jorge"]
[Result "0-1"]
[WhiteElo "1634"]
[BlackElo "1127"]
[PlyCount "30"]
[EventDate "2014.??.??"]
[EventType "tourn (corr)"]
[EventRounds "8"]
[SourceTitle "Corr 2022"]
[Source "ChessBase"]
[SourceDate "2021.10.24"]
[SourceVersion "1"]
[SourceVersionDate "2021.10.24"]
[SourceQuality "1"]

1. e4 e5 2. Nf3 Nc6 3. Bb5 d6 4. d4 exd4 5. Nxd4 Bd7 6. 0-0 Nf6 7. Nc3 a6 8. Nxc6 Bxc6 9. Bxc6+ bxc6 10. Re1 Be7 11. e5 dxe5 12. Qxd8+ Rxd8 13. Rxe5 Nd5 14. Nxd5 Rxd5 15. Re4 Rd1+ 0-1

[Event "FICGS rapid E 000121 email"]
[Site "FICGS email"]
[Date "2013.12.31"]
[Round "1"]
[White "Orden, Jorge"]
[Black "Benone, Mateia"]
[Result "0-1"]
[WhiteElo "1184"]
[BlackElo "1186"]
[PlyCount "24"]
[EventDate "2013.??.??"]
[EventType "tourn (rapid)"]
[EventRounds "6"]
[SourceTitle "Corr 2022"]
[Source "ChessBase"]
[SourceDate "2021.10.24"]
[SourceVersion "1"]
[SourceVersionDate "2021.10.24"]
[SourceQuality "1"]

1. e4 c5 2. Nf3 Nc6 3. d4 cxd4 4. Nxd4 g6 5. Be2 Bg7 6. Be3 Nf6 7. Nc3 0-0 8. h3 d5 9. exd5 Nxd5 10. Qd2 Nxe3 11. Nxc6 Nxg2+ 12. Kf1 Qxd2 0-1

[Event "FICGS class F 000139 email"]
[Site "FICGS email"]
[Date "2013.10.21"]
[Round "1"]
[White "Barradas, Anderson"]
[Black "Orden, Jorge"]
[Result "1-0"]
[WhiteElo "1174"]
[BlackElo "1095"]
[PlyCount "75"]
[EventDate "2013.??.??"]
[EventType "tourn (corr)"]
[EventRounds "5"]
[SourceTitle "Corr 2022"]
[Source "ChessBase"]
[SourceDate "2021.10.24"]
[SourceVersion "1"]
[SourceVersionDate "2021.10.24"]
[SourceQuality "1"]

1. e4 c5 2. Nf3 d6 3. d4 cxd4 4. Nxd4 Nf6 5. Nc3 a6 6. Bg5 e6 7. Bd3 Be7 8. 0-0 0-0 9. Nf3 Nc6 10. Re1 Qc7 11. a3 Rd8 12. Ne2 b5 13. b4 Bb7 14. Rc1 h6 15. Bh4 Nh7 16. Bxe7 Qxe7 17. Nfd4 Nxd4 18. Nxd4 Rdc8 19. Nf3 Rc3 20. Qd2 Rac8 21. Nd4 Qg5 22. f4 Qg4 23. h3 Qg3 24. Ne2 Rxd3 25. cxd3 Qh4 26. Rxc8+ Bxc8 27. Qc1 Qd8 28. d4 Nf6 29. e5 dxe5 30. dxe5 Nd5 31. Rd1 Qb6+ 32. Kh1 Bb7 33. Nd4 a5 34. f5 axb4 35. axb4 Nxb4 36. fxe6 fxe6 37. Qa3 Nd5 38. Qd6 1-0

[Event "FICGS class F 000139 email"]
[Site "FICGS email"]
[Date "2013.10.21"]
[Round "1"]
[White "Marcel, Alexis"]
[Black "Orden, Jorge"]
[Result "0-1"]
[WhiteElo "1138"]
[BlackElo "1095"]
[PlyCount "52"]
[EventDate "2013.??.??"]
[EventType "tourn (corr)"]
[EventRounds "5"]
[SourceTitle "Corr 2022"]
[Source "ChessBase"]
[SourceDate "2021.10.24"]
[SourceVersion "1"]
[SourceVersionDate "2021.10.24"]
[SourceQuality "1"]

1. f4 d5 2. Nf3 e6 3. e3 Nf6 4. Be2 Be7 5. 0-0 0-0 6. b3 c5 7. Bb2 Nc6 8. Nc3 a6 9. h3 b6 10. a4 Nb4 11. Na2 Nc6 12. Qe1 Bb7 13. Ne5 Ne4 14. Nxc6 Bxc6 15. d3 Bh4 16. Qd1 Ng3 17. Rf3 d4 18. e4 f5 19. Rf2 fxe4 20. dxe4 Nxe4 21. Rf3 Qf6 22. f5 Ng5 23. Rf4 Ne4 24. Nc1 Qg5 25. Nd3 Nc3 26. Bxc3 Qxg2# 0-1

[Event "FICGS rapid E 000108 email"]
[Site "FICGS email"]
[Date "2013.07.14"]
[Round "1"]
[White "Orden, Jorge"]
[Black "Dsouza, Stanislaus"]
[Result "1-0"]
[WhiteElo "1107"]
[BlackElo "1138"]
[PlyCount "35"]
[EventDate "2013.??.??"]
[EventType "tourn (rapid)"]
[EventRounds "6"]
[SourceTitle "Corr 2022"]
[Source "ChessBase"]
[SourceDate "2021.10.24"]
[SourceVersion "1"]
[SourceVersionDate "2021.10.24"]
[SourceQuality "1"]

1. e4 e5 2. Nf3 d6 3. c3 Be6 4. Be2 Nc6 5. d4 exd4 6. cxd4 Nf6 7. Bg5 Be7 8. 0-0 0-0 9. d5 Bg4 10. dxc6 b6 11. Nc3 h6 12. Be3 Re8 13. Nd5 Nxd5 14. exd5 Bf6 15. Bd4 Bxd4 16. Nxd4 Bxe2 17. Nxe2 Qf6 18. Nc3 1-0